00426pab a2200157 454500008004000000100002500040245006500065260000900130300001300139362001100152650002000163650001200183650001600195700002300211773003400234180718b2010 xxu||||| |||| 00| 0 eng d aSrivastava, Akanksha aEconomic proxies, household consumption and health estimates c2010 ap.55-63. a17 Apr aHealth services aPoverty aConsumption aMohanty, Sanjay K. aEconomic and Political Weekly